ბათუმის შოთა რუსთაველის სახელმწიფო უნივერსიტეტის ბიბლიოთეკა

Практикум по цитологии и цитогенетике растении : (ბიბ.ჩანაწერი № 58817)

000 -LEADER
fixed length control field 01046nam a22002177a 4500
005 - DATE AND TIME OF LATEST TRANSACTION
control field 20221004172530.0
008 - FIXED-LENGTH DATA ELEMENTS--GENERAL INFORMATION
fixed length control field 221004b2007 ru ||||| |||| 00| 0 rus d
020 ## - INTERNATIONAL STANDARD BOOK NUMBER
International Standard Book Number 9785953204493
041 ## - LANGUAGE CODE
Language code of text/sound track or separate title rus
080 ## - UNIVERSAL DECIMAL CLASSIFICATION NUMBER
Universal Decimal Classification number 58(075.8) П-69
245 ## - TITLE STATEMENT
Title Практикум по цитологии и цитогенетике растении :
Remainder of title Уч. пособие для студентов высших уч. заведении /
Statement of responsibility, etc. В.А. Пухальский, А. А. Соловьев, Е. Д. Бадеева, В. Н. Юрцев.
264 ## - PRODUCTION, PUBLICATION, DISTRIBUTION, MANUFACTURE, AND COPYRIGHT NOTICE
Place of production, publication, distribution, manufacture Москва :
Name of producer, publisher, distributor, manufacturer "Колосс",
Date of production, publication, distribution, manufacture, or copyright notice 2007.
300 ## - PHYSICAL DESCRIPTION
Extent 195 стр.:
Other physical details илл.;
Dimensions 20 см.
500 ## - GENERAL NOTE
General note библиогр. стр.186-189
653 ## - INDEX TERM--UNCONTROLLED
keyword მცენარეების ციტოლოგია
700 ## - ADDED ENTRY--PERSONAL NAME
Personal name Пухальский, В.А.
Relator term ავტორი
9 (RLIN) 15032
700 ## - ADDED ENTRY--PERSONAL NAME
Personal name Соловьев, А. А.
Relator term ავტორი
9 (RLIN) 15033
700 ## - ADDED ENTRY--PERSONAL NAME
Personal name Бадеева, Е. Д.
Relator term ავტორი
9 (RLIN) 15034
700 ## - ADDED ENTRY--PERSONAL NAME
Personal name Юрцев, В. Н.
Relator term ავტორი
9 (RLIN) 15035
942 ## - ADDED ENTRY ELEMENTS (KOHA)
Source of classification or shelving scheme
Koha item type ქსეროასლი
ეგზემპლარები
Withdrawn status Lost status Source of classification or shelving scheme Damaged status Not for loan Permanent Location Current Location Shelving location Date acquired Cost, normal purchase price Full call number Barcode Date last seen Copy number Price effective from Koha item type Public note
          ბათუმის შოთა რუსთაველის სახელმწიფო უნივერსიტეტის მთავარი ბიბლიოთეკა ბათუმის შოთა რუსთაველის სახელმწიფო უნივერსიტეტის მთავარი ბიბლიოთეკა წიგნსაცავი 2022-10-04 6.90 58(075.8) П-69 00601 2022-10-04 00601 2022-10-04 ქსეროასლი 6 ლ. 90 თ.